<?xml version="1.0" encoding="UTF-8"?>
<record
    xmlns:xsi="http://www.w3.org/2001/XMLSchema-instance"
    xsi:schemaLocation="http://www.loc.gov/MARC21/slim http://www.loc.gov/standards/marcxml/schema/MARC21slim.xsd"
    xmlns="http://www.loc.gov/MARC21/slim">

  <leader>01265nam a22002537a 4500</leader>
  <controlfield tag="003">OSt</controlfield>
  <controlfield tag="005">20181206085848.0</controlfield>
  <controlfield tag="008">180307b        xxu||||| |||| 00| 0 spa d</controlfield>
  <datafield tag="020" ind1=" " ind2=" ">
    <subfield code="a">9500690462</subfield>
  </datafield>
  <datafield tag="040" ind1=" " ind2=" ">
    <subfield code="c">PJ</subfield>
  </datafield>
  <datafield tag="100" ind1=" " ind2=" ">
    <subfield code="9">3469</subfield>
    <subfield code="a">Fazio de Bello, Marta E.</subfield>
  </datafield>
  <datafield tag="245" ind1="1" ind2="0">
    <subfield code="a">Teor&#xED;a y t&#xE9;cnica de compraventa / </subfield>
    <subfield code="c">Marta E. Fazio de Bello; pr&#xF3;logo de Guillermo L. Allende.</subfield>
  </datafield>
  <datafield tag="260" ind1=" " ind2=" ">
    <subfield code="a">Buenos Aires :</subfield>
    <subfield code="b">&#xC1;baco,</subfield>
    <subfield code="c">1984.</subfield>
  </datafield>
  <datafield tag="300" ind1=" " ind2=" ">
    <subfield code="a">357 p.</subfield>
    <subfield code="c">22 cm.</subfield>
  </datafield>
  <datafield tag="500" ind1=" " ind2=" ">
    <subfield code="a">Notas y citas a pie de p&#xE1;gina.
</subfield>
  </datafield>
  <datafield tag="504" ind1=" " ind2=" ">
    <subfield code="a">Bibliograf&#xED;a: p. 355-357. </subfield>
  </datafield>
  <datafield tag="505" ind1=" " ind2=" ">
    <subfield code="a">Contenido:
I. Naturaleza jur&#xED;dica del boleto de compraventa -- II. Especial estudio de la reforma de 1968 al c&#xF3;digo civil acerca del boleto de compraventa (arts. 2355, &#xFA;ltimo p&#xE1;rrafo, u 1185 bis) -- III. T&#xED;tulo y boleto de compraventa -- IV. Publicidad -- V. Aspectos de su preparaci&#xF3;n otorgamiento y ejecuci&#xF3;n. Especial referencia a la actual jurisprudencia --  VI El boleto de compraventa y la t&#xE9;cnica instrumental.</subfield>
  </datafield>
  <datafield tag="650" ind1=" " ind2="0">
    <subfield code="9">352</subfield>
    <subfield code="a">DERECHO CIVIL</subfield>
  </datafield>
  <datafield tag="650" ind1=" " ind2="0">
    <subfield code="9">1589</subfield>
    <subfield code="a">CONTRATOS CIVILES</subfield>
  </datafield>
  <datafield tag="650" ind1=" " ind2="0">
    <subfield code="9">3413</subfield>
    <subfield code="a">BOLETO DE COMPRAVENTA</subfield>
  </datafield>
  <datafield tag="650" ind1=" " ind2="0">
    <subfield code="9">2239</subfield>
    <subfield code="a">COMPRAVENTA INMOBILIARIA</subfield>
  </datafield>
  <datafield tag="700" ind1=" " ind2=" ">
    <subfield code="9">2100</subfield>
    <subfield code="a">Allende, Guillermo Lorenzo</subfield>
    <subfield code="e">prologuista</subfield>
  </datafield>
  <datafield tag="942" ind1=" " ind2=" ">
    <subfield code="2">udc</subfield>
    <subfield code="c">LIB</subfield>
    <subfield code="h">347.235:347.451</subfield>
    <subfield code="i">MOR</subfield>
  </datafield>
  <datafield tag="999" ind1=" " ind2=" ">
    <subfield code="c">2233</subfield>
    <subfield code="d">2233</subfield>
  </datafield>
  <datafield tag="952" ind1=" " ind2=" ">
    <subfield code="0">0</subfield>
    <subfield code="1">0</subfield>
    <subfield code="2">udc</subfield>
    <subfield code="4">0</subfield>
    <subfield code="7">0</subfield>
    <subfield code="a">DJS</subfield>
    <subfield code="b">DJS</subfield>
    <subfield code="d">2018-12-06</subfield>
    <subfield code="o">347.235:347.451 FAZ</subfield>
    <subfield code="p">1073</subfield>
    <subfield code="r">2018-12-06</subfield>
    <subfield code="w">2018-12-06</subfield>
    <subfield code="y">LIB</subfield>
  </datafield>
</record>
